Diccionario del griego bíblico: sesenta y Nuevo Testamento
Збережено в:
| Автор: | |
|---|---|
| Формат: | Книга |
| Мова: | Давньогрецька Іспанська |
| Опубліковано: |
Pamplona
Verbo Divino
2011
|
| Редагування: | 1a. ed |
| Серія: | Instrumentos para el Estudio de la Biblia, 21
|
| Предмети: | |
| Теги: |
Додати тег
Немає тегів, Будьте першим, хто поставить тег для цього запису!
|
MARC
| LEADER | 00000cam a2200000 a 4500 | ||
|---|---|---|---|
| 001 | UCD4522 | ||
| 003 | CL-VaPUC | ||
| 008 | 160713e20110000sp |||||||||||||||||grc|d | ||
| 020 | |a 9788499451718 | ||
| 041 | 0 | 7 | |a grc |2 CL-VaPUC |
| 041 | 0 | 7 | |a spa |2 CL-VaPUC |
| 082 | 0 | 4 | |a 480 |b GAR |2 21 |
| 100 | |a García Santos, Amador-Ángel |e author |9 485938 | ||
| 245 | 1 | 0 | |a Diccionario del griego bíblico: sesenta y Nuevo Testamento |
| 250 | |a 1a. ed | ||
| 300 | |a 936 p | ||
| 942 | |c BK | ||
| 945 | |d 20160713 20:53:00 |a dcastane | ||
| 260 | |a Pamplona |b Verbo Divino |c 2011 | ||
| 650 | 0 | |a Diccionarios |9 256200 | |
| 650 | 7 | |a GRIEGO |2 CL-VaPUC |9 317586 | |
| 583 | |a last modification |c 20160713 20:53:00 |k Rodrigo Vera | ||
| 490 | 0 | |a Instrumentos para el Estudio de la Biblia, 21 | |
| 999 | |c 365414 |d 365412 | ||
| 952 | |0 0 |1 0 |3 erd |4 0 |6 480_000000000000000_GAR_2011 |7 0 |8 X |9 479274 |a BIBTEO |b BIBTEO |i 5297621 |l 1 |o 480 GAR 2011 |p 5297621 |r 2025-01-17 |s 2023-09-21 |w 2019-11-24 |y BK_X |z Catalogado en:20160713 |k ICR | ||